[Event "RUS-CHN Summit Juniors 2nd"]
[Site "Moscow"]
[Date "2004.08.15"]
[Round "5"]
[White "Malysheva, Polina"]
[Black "Zhou, Jianchao"]
[Result "1/2-1/2"]
[WhiteElo "2364"]
[BlackElo "2385"]
[Annotator "Marin,M"]
[PlyCount "122"]
[EventDate "2004.08.10"]
[EventType "schev"]
[EventRounds "6"]
[EventCountry "RUS"]
[SourceTitle "CBM 103"]
[Source "ChessBase"]
[SourceDate "2004.11.11"]
[SourceVersion "1"]
[SourceVersionDate "2004.11.11"]
[SourceQuality "1"]
[WhiteTeam "Russia"]
[BlackTeam "China"]
[WhiteTeamCountry "RUS"]
[BlackTeamCountry "CHN"]

1. e4 c5 2. Nf3 d6 3. c3 Nf6 4. h3 Nbd7 5. Bd3 g6 6. O-O Bg7 7. Bc2 e5 8. d4
cxd4 9. cxd4 O-O 10. Nc3 a6 11. a4 Re8 12. Re1 b6 13. Be3 exd4 14. Nxd4 Bb7 15.
Bg5 h6 16. Bh4 Qc7 17. Rc1 Rac8 18. Qd2 Qc4 19. Nf3 Qb4 20. Bb1 Nh5 21. Ba2 g5
22. Bg3 Nxg3 23. fxg3 Nc5 24. Rcd1 Nxa4 25. Nxa4 Qxa4 26. b3 Qa3 27. Bb1 Qxb3
28. Qxd6 Qe6 29. Qd3 Qc4 30. Qd7 Bc6 31. Qg4 Qe6 32. Qh5 Red8 33. e5 Rxd1 34.
Rxd1 Bb7 35. Rf1 Rc3 36. Bh7+ Kf8 37. Kh2 Bxf3 38. Rxf3 Rxf3 39. Qxf3 Bxe5 40.
Qa8+ Kg7 41. Qg8+ Kf6 42. Qd8+ Qe7 43. Qxb6+ Qd6 44. Qxd6+ Bxd6 45. Kg1 Bxg3
46. Kf1 {In principle, the position looks winning for Black, since in the
future he will be able to create a second passed pawn on the king side.
However, there is a small nuance: in the position with the h- and a-pawns,
White draws if his king reaches the h1-corner, since he can safely give up his
bishop for the other pawn. If the king will be forced to guard the a-pawn,
then a passed h-pawn supported by the black king would win the bishop and the
game. In order to understand better the further events and recommendations, I
suggest the reader to have a look at the Endgame Studies 4 and 5. Prinzipiell
sieht die Stellung gewinnträchtig für Schwarz aus, da er in Zukunft einen
zweiten Freibauern am Königsfügel bilden kann. Es gibt aber eine kleine Nuance:
in der Stellung mit h- und a-Bauern macht Weiß remis, wenn er das Feld h1
erreicht, da er risikolos seinen Läufer für den anderen Bauern geben kann.
Müsste der König den a-Bauern bewachen, würde ein vom schwarzen König
unterstützter Bauer Läufer und Partie gewinnen. Um die weiteren Ereignisse und
Empfehlungen besser zu verstehen, rate ich dem Leser, einen Blick auf die
Endspielstudien 4 und 5 zu werfen.} a5 47. Bc2 h5 $6 {From a principial point
of view, this is a dubious decision already. Black cannot know yet which would
be the best way to advance his king side pawns. (Pushing them too far could
limit the winning chances, see the Endgame Study 4). At the same time, he (she)
can be sure that advancing the a-pawn as far as possible (to a3) would be very
useful, since it would restrict the activity of the white pieces. In
prinzipieller Hinsicht ist dies bereits eine zweifelhafte Entscheidung.
Schwarz kann noch nicht wissen, auf welche Weise er seine Königsflügelbauern
am besten vorrücken soll. (Sie zu weit vorzustoßen, würde die Gewinnchancen
verringern, siehe Endspielstudie 4). Gleichzeitig kann er (sie) sicher sein,
dass das weitmöglichste Vorrücken des a-Bauern (bis nach a3) sehr nützlich
wäre, da dies die Aktivität der weißen Figuren einschränken würde.} (47... Ke5
$142 $1 48. Ke2 Kd4 49. Kf3 {This counterplay fails to gain a draw Dieses
Gegenspiel genügt nicht zum Remis} ({but allerdings würde} 49. Kd2 {isn't
sufficient either:} Kc4 50. Bh7 Kb4 51. Bg8 f6 52. Kc2 a4 53. Be6 h5 54. Bf7 h4
55. Be6 a3 56. Bf7 Be5 57. Be6 Kc5 {and we have reached the starting position
from the Endgame Study 5 und wir haben die Ausgangsposition von Endspielstudie
5 erreicht.}) 49... Bd6 50. Kg4 (50. g4 Kc3 51. Ba4 Kb4 52. Be8 f6 (52... a4 $2
53. Bxf7 a3 54. h4 $3 {[%csl Yh1]} Kc3 55. h5 Kb2 56. Ke4 a2 57. Bxa2 Kxa2 58.
Kf5 Kb3 59. Kg6 Bf8 60. Kf7 Bc5 61. Kg7 Kc4 62. Kxh6 Be3 63. Kg6 Kd3 64. h6 Ke4
65. h7 $11) 53. Ke4 a4 54. Kd3 Kb3 $19) 50... Kc3 51. Bd1 Kb4 52. Kh5 (52. Kf5
Be7 {[%csl Yd6,Ye6,Yf6,Yg6]}) 52... Bf8 53. Bf3 a4 54. Bd5 f5 55. Kg6 (55. h4
gxh4 56. Kxh4 Bd6 {[%cal Rf5f4,Rb4c3,Rc3b2,Ya4a1]} 57. g3 a3 $19 58. Kh5 $140
Bxg3) 55... f4 56. Kf7 Bc5 57. Kg7 Bf2 58. Kxh6 Bh4 $19 {[%cal Ya4a1,Rb4c3,
Rc3b2]}) 48. Bd1 h4 49. Bb3 {Now Black faces some problems with his king's
centralisation. Nun hat Schwarz einige Probleme mit der Zentralisierung seines
Königs.} Kg6 50. Ke2 f5 $2 {After this careless move Black cannot win any more.
The weakness of the f5-pawn will force her to either advance it to f4 (thus
basically reaching the position from Endgame Study 4) or play ...g4, with
unfavourable simplifications, as in the game. Nach diesem sorglosen Zug kann
Schwarz nicht mehr gewinnen. Die Schwäche des Bauern f5 wird sie zwingen, ihn
entweder nach f4 vorzurücken (wonach im Grunde die Stellung von Endspielstudie
4 entsteht), oder ...g4 zu spielen, mit unvorteilhaften Vereinfachungen, wie
in der Partie.} (50... f6 $142 $1 {seems to be still winning: scheint noch
immer zu gewinnen..} 51. Ke3 Kf5 52. Kd4 Be5+ 53. Ke3 {[%csl Rf4]} Bb2 54. Ba4
Ke5 55. Bb3 Bd4+ {Forcing the white king to define his intentions. Zwingt den
weißen König, seine Absichten aufzudecken.} 56. Kf3 (56. Kd3 Bb6 {[%csl Rd4,
Re3,Rf2][%cal Ye5g3]}) 56... Kd6 {[%cal Yd6b4] and further as in Endgame Study
5 und weiter wie in Endspielstudie 5.}) 51. Kd3 g4 52. hxg4 fxg4 53. Ke4 Kg5
54. Bc2 Bf2 (54... h3 55. gxh3 gxh3 56. Kf3 Bd6 57. Kf2 $11 {[%csl Yh1]}) 55.
Bd1 {[%cal Yd1g4,Yg4e6,Ra5a3,Rg5f6] With the pawn on a5 still, the threat
against the g4-pawn is real in case the black king intends to walk away. The
bishop could simply take the pawn and then catch the a-pawn on a3. Mit dem
Bauern noch auf a5 ist die Drohung gegen den Bauern g4 real, falls der
schwarze König sich entfernen will. Der Läufer könnte den Bauern einfach
nehmen und dann den a-Bauern auf a3 abfangen.} g3 56. Bf3 a4 57. Kd3 a3 58. Kc2
Kf4 {[%csl Rf3][%cal Yh4h3]} 59. Bd5 Bc5 60. Kb3 Ke3 61. Be6 Ke4 (61... Kf2 62.
Bh3 $1 $11 {[%csl Rg2,Rh3]} (62. Bd5 $2 Kg1 $1 (62... h3 $2 63. gxh3 g2 64.
Bxg2 Kxg2 65. h4 $11 {[%csl Ra3][%cal Rh4h8]}) 63. Bc6 Kh2 64. Bd5 h3 $19))
1/2-1/2

[Event "Primavara"]
[Site "Bucharest"]
[Date "1998.??.??"]
[Round "13"]
[White "Svetushkin, Dmitry"]
[Black "Vajda, Albert"]
[Result "1/2-1/2"]
[WhiteElo "2415"]
[BlackElo "2400"]
[Annotator "Marin,M"]
[PlyCount "143"]
[EventDate "1998.??.??"]
[EventType "tourn"]
[EventRounds "15"]
[EventCountry "ROU"]
[EventCategory "9"]
[SourceTitle "EXT 1999"]
[Source "ChessBase"]
[SourceDate "1998.11.16"]
[SourceVersion "1"]
[SourceVersionDate "1998.11.16"]
[SourceQuality "1"]

1. e4 c5 2. Nf3 e6 3. d3 Nc6 4. g3 d6 5. Bg2 Nf6 6. O-O Be7 7. c3 O-O 8. Re1
Bd7 9. Nbd2 Rc8 10. a4 a6 11. Qb3 Qc7 12. e5 dxe5 13. Nc4 Bd6 14. a5 Rb8 15.
Qa3 Be7 16. Be3 Na7 17. Nfxe5 Bb5 18. Rad1 Nc8 19. f4 $14 Rd8 20. Qa2 Nd5 21.
Bf2 Be8 22. Bh3 g6 23. Nf3 b5 24. axb6 Ncxb6 25. Nce5 Nd7 26. Nxd7 Bxd7 27. Ne5
Be8 28. Bg2 Rb5 29. h4 Ra5 30. Qc4 Ra4 31. b4 $2 (31. Qb3) 31... Ra3 32. bxc5
Bb5 33. Qe4 Nxc3 $17 34. Qe3 Nxd1 35. Rxd1 Rc3 36. Rc1 Rxc1+ 37. Qxc1 f6 38.
Ng4 Bc6 39. Qc4 Qd7 40. Qxa6 Bxg2 41. Kxg2 Qd5+ 42. Kh2 Ra8 43. Qb5 h5 44. Ne3
Qxc5 45. Qd7 Qd6 46. Qb7 Ra2 47. Kg2 Kf7 48. Qe4 Ra3 49. d4 Ra4 50. Nd1 Qd5 51.
Nc3 Qxe4+ 52. Nxe4 f5 53. Nd2 Bf6 54. Nf3 Ke7 55. Kf1 Kd6 56. Ke2 Kd5 57. Kd3
Ra2 58. Be1 Ra3+ 59. Bc3 Bg7 60. Kc2 Ra2+ 61. Kd3 Rf2 62. Ke3 Rg2 63. Be1 Ra2
64. Bb4 Ra4 65. Bc5 Bxd4+ 66. Nxd4 Kxc5 67. Nxe6+ Kd5 68. Ng5 Ra3+ 69. Kf2 Kd4
70. Ne6+ Ke4 71. Ng5+ Kd4 72. Nf3+ 1/2-1/2

[Event "Morelia/Linares 24th"]
[Site "Morelia/Linares"]
[Date "2007.03.09"]
[Round "13"]
[White "Morozevich, Alexander"]
[Black "Topalov, Veselin"]
[Result "1-0"]
[WhiteElo "2741"]
[BlackElo "2783"]
[Annotator "Marin,M"]
[PlyCount "159"]
[EventDate "2007.02.17"]
[EventType "tourn"]
[EventRounds "14"]
[EventCountry "ESP"]
[EventCategory "20"]
[SourceTitle "CBM 117"]
[Source "ChessBase"]
[SourceDate "2007.03.30"]
[SourceVersion "1"]
[SourceVersionDate "2007.03.30"]
[SourceQuality "1"]

1. e4 c5 2. Nf3 d6 3. c3 {Probably the best way to keep all pices on board and
avoid massive theory at the same time.} Nf6 4. Be2 Bd7 5. d3 e6 6. Nbd2 Be7 7.
O-O O-O 8. a3 Bc6 9. Re1 Nbd7 10. Bf1 Ne5 11. Nxe5 dxe5 {For the time being,
the double pawns are not really weak. True, White's structure is more compact,
but Black's pressure against the d3-pawn should offer him adequate counterplay.
It will take a long way and lots of patience from White until the drawbacks of
Black's structure will come to tell.} 12. Nc4 Qc7 13. b4 Rfd8 14. Qb3 b5 15.
Na5 Be8 16. f3 Nd7 17. Be3 Nb6 18. Rec1 Na4 19. Qc2 h6 20. Qf2 Bg5 21. Bxg5
hxg5 {Another pair of double pawns has been created in Black's camp. This time,
the compensation for the formal structural deffect consists of the fact that
the h-pawn has captured towards the centre.} 22. Rc2 Rac8 23. Rac1 Qe7 24. Qe1
Rc7 25. c4 Rdc8 26. cxb5 Bxb5 27. bxc5 Rxc5 28. Rxc5 Rxc5 29. Qb4 Bxd3 30. Rxc5
Qxc5+ 31. Qxc5 Nxc5 32. Nc6 {The position is plain equal. Topalov's next move
is an invitation to continue the fight.} Kf8 (32... a6 {would have most
probably led to a draw.}) 33. Nxa7 ({Morozevich gladly picks up the gauntlet.
He could have declined the brave offer by means of} 33. Nxe5) 33... Ke7 34.
Nc6+ Kd6 35. Na5 f6 36. Kf2 Bxf1 37. Kxf1 g4 38. Ke2 gxf3+ 39. Kxf3 $5 {
Black has the more compact structure (one group of pawns against three white)
and better possibilities of centralising the king, but Topalov might have
underestimated the force of the outside passed pawn. Morozevich' last move
looks a bit unnatural, because it weakens the e4-pawn. The justification of
his choice probably lies in the fact that he wanted to keep hypotetic the
possibility of creating another passed pawn on the kingside.} Nd3 40. Nb3 Ne1+
41. Kf2 Nc2 42. a4 Nd4 43. Nc1 Kc5 44. Nd3+ Kc4 45. Ke3 Nc2+ 46. Ke2 Kd4 47.
Nf2 Nb4 48. h4 Nc6 ({The point behind White's 39th move can be seen after} 
48... g6 49. g4 {followed by h5, when Black would have been helpless against
the two pased pawns..}) 49. h5 Na5 {In the previous phase of the game, Black
has moved around with his knight without suceeding in eliminating the a-pawn.
In the meanwhile, White has obtained an advantage of space on he other wing.}
50. Ng4 {Suddenly, the apparently compact black structure reveals its Achile's
heel: the f6-square. Apart from h6, the threat Nxf6 is rather annoying.} Nc4
51. h6 gxh6 52. Nxf6 Kc3 53. Ng4 h5 54. Ne3 Na5 55. Kf3 Nb3 56. Nf1 Kd3 57. Kg3
Kxe4 58. Kh4 Kd3 59. Kxh5 {An important moment. After long positional
manoeuvres and several exchanges, Black is left with just the double pawns.
They are obviously less efficient than the g- and a-pawns, but the game
remains interesting.} e4 $6 ({This is where Black's real troubles seem to
start. After} 59... Ke2 $5 {, White would have faced a hard job finding a good
square for the knight. For instance, after} 60. Nh2 e4 {he cannot advance his
g-pawn and stop the anemy pawn with Ng4xe3 at the same time.}) 60. g4 Nd2 61.
Nxd2 Kxd2 62. a5 e3 63. a6 e2 64. a7 e1=Q 65. a8=Q {The position suffered a
new transformation. The queen ending is quite unpleasant for Black, because
White's pawn is more advanced than his colleague.} Qe5+ 66. g5 Qf5 67. Qd8+ Kc1
68. Qf6 Qd5 69. Kh6 {Now and on the next move, Topalov should have checked the
enemy king until the white queen would have been forced to abandon its optimal
placement.} e5 $2 70. g6 $2 (70. Qf1+ $1) 70... e4 $2 (70... Qh1+ $11) 71. g7 {
Now it is rather late for any kind of counterplay.} e3 72. Qc3+ {He might have
missed that when starting to advance his pawn.} Kb1 73. Qxe3 Qh1+ 74. Kg6 Qg2+
75. Qg5 Qc6+ 76. Kh7 Qb7 77. Qg1+ Ka2 78. Qh2+ Ka1 79. Kh8 Qe4 80. g8=Q {
In case of 80...Qh7+ (?!) only one of the re-captures would lead to a draw by
stalemate. Given such a low probability of a miracle, Topalov resigned.} 1-0

[Event "Pamplona"]
[Site "Pamplona"]
[Date "2003.12.21"]
[Round "2"]
[White "McShane, Luke J"]
[Black "Bologan, Viktor"]
[Result "0-1"]
[WhiteElo "2649"]
[BlackElo "2673"]
[Annotator "McShane,L"]
[PlyCount "120"]
[EventDate "2003.12.20"]
[EventType "tourn"]
[EventRounds "7"]
[EventCountry "ESP"]
[EventCategory "15"]
[SourceTitle "CBM 099"]
[Source "ChessBase"]
[SourceDate "2004.03.30"]
[SourceVersion "1"]
[SourceVersionDate "2004.03.30"]
[SourceQuality "1"]

1. e4 c5 2. Nf3 d6 3. c3 Nf6 4. Be2 g6 5. O-O Bg7 6. Bb5+ Bd7 7. Bxd7+ Nbxd7 8.
Re1 O-O 9. d4 Ne8 $5 {Bologan was very pleased with this move after the game.
On the grounds that White has wasted some tempi in the opening, he thought
Black does well to spend two tempi putting the knight on the better square c7.}
10. Bg5 (10. Be3) 10... Nc7 11. d5 {Perhaps ?! in view of what follows.} (11.
Qd2 $14 {[%cal Yb1a3]}) 11... h6 12. Be3 (12. Bh4 g5 13. Bg3 f5) 12... f5 13.
exf5 Rxf5 14. Nh4 (14. Qc1 Kh7 15. c4 b5 $17) 14... Rxd5 15. Qc2 g5 16. Nf5 (
16. Ng6 {[%csl Rd5][%cal Yc3c4]} e6 $8 {[%cal Yd5f5]} 17. g4 (17. Nd2) 17...
Qf6 {[%csl Rb2,Rg6][%cal Yg8f7,Yc3c4,Yf6b2] was not going to work out.}) 16...
Qf8 17. Ng3 $6 {Still hoping to cause inconvenience to the rook, but it would
have been better to cut my losses and exchange his useful bishop.} (17. Nxg7
Kxg7 18. c4 Re5 19. Nd2 $15 {/-/+ but at least White has some compensation.})
17... Qf7 18. Nd2 Ne5 {There is no realistic way to get compensation.} 19. Rf1
Rf8 20. Nde4 Ng6 21. Qa4 Re5 (21... a6 22. Qd7 Ne6 (22... e6 23. Qxf7+ Rxf7 24.
c4 Rd3 25. Rad1 $132 {[%csl Rd6]}) 23. Qxb7 Nef4 {[%csl Rg2][%cal Yg6h4,Yf4g2]}
) 22. c4 Qe6 23. Nc3 a6 24. Rae1 Nf4 25. Qa5 Qd7 26. Nge4 Qc6 27. f3 b5 28. b3
Nd3 29. Re2 Ref5 (29... b4 $5 {[%csl Ra5]}) 30. Ng3 R5f7 31. Nce4 Ne5 32. Nh5
$6 Bh8 $6 (32... Qxe4 $1 {I completely overlooked.} 33. Qxc7 bxc4 34. Nxg7 Kxg7
$17 {with a second pawn in the bag, this must be progress.}) 33. Qe1 {Teeing
up for my kingside hackery, and luckily sidestepping Qxe4, which 33.Qd2,
another candidate move, wouldn't have done.} bxc4 34. bxc4 Nxc4 35. Bxg5 $5 {
A reasonable attempt to cause trouble.} hxg5 36. Nxg5 Qd5 37. Qg3 (37. Nxf7
Bd4+ $1 38. Kh1 Qxh5 $19 {[%csl Rf7]}) 37... Bg7 38. Nxf7 Rxf7 39. Qh3 e6 40.
Nxg7 Rxg7 41. Re4 (41. Rb1 Qd3 42. Rb8+ Kf7 43. Qh5+ Ke7 44. Qh4+ Kd7 45. Qd8+
Kc6 {Black's king is completely safe on c6, and in the meantime I'm getting
mated on the kingside.}) 41... Ne5 42. Rb1 Nd7 43. Qh4 Ne8 $1 {Now there is no
way to get at Black's king.} (43... Qxa2 44. Rb8+ $1 Nxb8 (44... Nf8 45. Rxf8+
Kxf8 46. Qh8+ $16 {[%csl Rg7]}) 45. Qd8+ Kh7 46. Rh4+ Kg6 47. Rg4+ Kh7 $11) 44.
Qe1 (44. Rg4 Nef6 45. Rxg7+ Kxg7 {was also possible, but I decided to keep
those rooks on.}) 44... e5 (44... Ne5) 45. Qe2 Qc6 46. Rh4 Nef6 47. f4 {
Rather desperate, but I had to try something. Nf6-d5-f4 was also a dangerous
idea.} Qa4 (47... Qe4 48. Qxe4 Nxe4 49. fxe5 (49. Rd1 exf4 50. Rxf4 Ndf6 $17)
49... Nd2 $1 {[%csl Rb1,Rg1,Rh4][%cal Yd2f3,Yd2b1] picks up an exchange.}) 48.
Kh1 Qd4 49. Qxa6 Qf2 (49... Ne4 50. Qc8+ Nf8 51. Rh8+ Kxh8 52. Qxf8+ Kh7 (52...
Rg8 53. Qh6#) 53. Qf5+ Kh6 54. Qe6+ (54. Qh3+ Kg6 55. Qg4+ Kf6 56. Qh4+ Ke6 57.
Qh6+ Kd5 $19 {[%csl Rh1][%cal Ye4f2]}) 54... Rg6 55. Qh3+ Kg7 56. Qd7+ Kf6 57.
fxe5+ Qxe5 58. Rf1+ Kg5 $17) 50. g3 $6 (50. Qa8+ $1 Kf7) 50... Qf3+ 51. Kg1
exf4 (51... Rxg3+ 52. hxg3 Qxg3+ 53. Kf1 Qxh4 $19) 52. Qc4+ Nd5 53. Rb3 (53.
Rxf4 Qxf4 54. Qxd5+ Qf7 55. Qxd6 Qxa2 56. Re1 {might have posed more practical
problems.}) 53... Qd1+ 54. Kf2 (54. Kg2 f3+) 54... Qd2+ 55. Kg1 Qd1+ 56. Kf2
Re7 $1 {decisive.} 57. Rxf4 Ne5 $1 58. Rb8+ Kg7 59. Qa4 Nd3+ 60. Kg2 N5xf4+ 0-1

[Event "Lausanne YM 4th"]
[Site "Lausanne"]
[Date "2003.09.17"]
[Round "1.1"]
[White "McShane, Luke J"]
[Black "Paehtz, Elisabeth"]
[Result "1/2-1/2"]
[WhiteElo "2619"]
[BlackElo "2417"]
[Annotator "McShane,L"]
[PlyCount "137"]
[EventDate "2003.09.17"]
[EventType "k.o."]
[EventRounds "3"]
[EventCountry "SUI"]
[SourceTitle "CBM 098"]
[Source "ChessBase"]
[SourceDate "2004.02.03"]
[SourceVersion "1"]
[SourceVersionDate "2004.02.03"]
[SourceQuality "1"]

1. e4 c5 2. Nf3 d6 3. c3 Nf6 4. Be2 b6 $5 (4... g6 5. O-O Bg7 6. Bb5+ Bd7 7.
Bxd7+ Qxd7) 5. O-O Bb7 6. d3 g6 7. Re1 (7. Nbd2 Bg7 8. d4 Nxe4 (8... Bxe4 9.
Nxe4 Nxe4 10. Bb5+ Kf8 $14 (10... Nd7 11. Bc6)) 9. Bb5+ (9. Qa4+ Kf8 (9... Nd7
10. Nxe4 Bxe4 11. dxc5 d5 12. Ng5 O-O (12... Bf5 13. g4 Be6 14. Nxe6 fxe6 15.
cxb6 axb6 16. Qc6 Kf7 17. f4 $36) 13. Nxe4 dxe4 14. Qxe4 Nxc5 15. Qh4 $14) (
9... Bc6 10. Bb5 $18) 10. Nxe4 Bxe4 11. dxc5 (11. Re1 $5 $44) 11... Bc6 (11...
d5 12. Ng5 Bf5 13. cxb6 Qxb6 14. Be3 $36) 12. Qf4 bxc5 (12... e5 13. Qg3 (13.
Qe3 bxc5 14. Rd1 Qe7 15. Bc4 Nd7 16. Ng5 $140 Nb6) 13... bxc5 14. Rd1 {[%cal
Yf3e5]} Qe7) 13. Bc4 Bf6 14. Ng5 d5 15. Rd1 e5 16. Qf3) 9... Nd7 (9... Kf8 $5
10. Nxe4 Bxe4 11. Ng5 (11. Re1 $5 $44) 11... Bb7 12. dxc5 bxc5 13. Bc4 (13. Qb3
d5 14. Be8 Qb6 $17) 13... d5 14. Qf3 Bf6 15. Rd1 e6 16. Ne4 Nd7 (16... Be7 17.
Bh6+ Kg8 18. Qf4 Nc6 19. Bb5 Rc8 20. b4)) 10. Nxe4 Bxe4 11. Re1 (11. Ng5 Bb7
12. dxc5 bxc5 13. Bc4 e6 (13... Ne5 14. Nxf7 Nxf7 15. Bxf7+ Kxf7 16. Qb3+ $13)
14. Qxd6 Be5 15. Qd3) 11... Bxf3 12. Qxf3 O-O (12... Rc8 13. Bg5 f6 14. Bxf6 $1
$16) 13. Qb7 Nf6 14. dxc5 dxc5 15. Qxe7) 7... Bg7 8. Nbd2 O-O 9. Bf1 e5 {
By delaying Nbd7 Black has got this in before White can play d3-d4.} 10. a3
Nbd7 11. b4 d5 12. Bb2 Re8 13. g3 Qc7 14. exd5 Nxd5 15. Qb3 h6 16. h4 $6 {
[%csl Yf7,Rg4,Yg6][%cal Yh4h5]} Rad8 17. Re2 {[%cal Ya1e1]} Ne7 (17... N5f6 $5
{[%csl Gb7,Gg4][%cal Yf6g4,Yb7h1]}) 18. Rae1 Bd5 19. Qc2 (19. c4 Ba8 (19... Be6
$5 20. Nxe5 Nxe5 21. Bxe5 Bxe5 22. Rxe5 Nc6 23. R5e3 Nd4 24. Qc3 $14) (19...
Bxf3 20. Nxf3 $14) 20. Nxe5 Bxe5 (20... Nf5 $5) 21. Bxe5 Qc6 22. f3 $8 Nxe5 23.
Rxe5 Nf5 $44) 19... Be6 $5 {[%csl Ge6,Rg4][%cal Ye6g4,Yc7c2,Ye7d5]} 20. Bg2
cxb4 21. axb4 Nd5 22. Nc4 $2 (22. b5 $1 $13 Nb4 $6 23. Qb1 Ba2 24. Qa1 Nxd3 25.
Qxa2 Nxe1 26. Nxe1 $14 {[%csl Gc6,Gd5,Gg2][%cal Ye1c2,Yc2b4,Yg2a8]}) 22... b5
$1 $15 23. Ne3 N7b6 24. Nxd5 (24. h5 g5 (24... gxh5 $5) 25. Nxd5 Bxd5 $1 (25...
Nxd5 26. Nxe5 Bxe5 27. Rxe5 Nxb4 28. Qd2 Nxd3 29. Rxg5+ hxg5 30. Qxg5+ Kf8 $8
31. Qf6 $6 (31. Qh6+ Ke7 32. Qg5+ $44) 31... Rd7 (31... Nxe1 $2 32. h6 $18) 32.
h6 Qd8 33. Ba3+ b4 $8 34. Qg7+ Ke7)) 24... Bxd5 $1 {[%csl Gd5][%cal Yd5g2]} (
24... Nxd5) 25. Re3 (25. h5 $1 g5 (25... gxh5) 26. c4 Bxf3 (26... bxc4 27. Bxe5
(27. d4 $2 Qb7 $1 $17) 27... Bxe5 28. Nxe5 Bxg2 29. Kxg2 $11 {/+/=}) 27. Bxf3
bxc4 28. d4 Nd5 29. Bxd5 Rxd5 30. dxe5 $14) 25... Re7 26. Ba1 Rde8 27. Qb1 Qb7
$1 28. R1e2 h5 29. Qe1 (29. Qf1 e4 $5) 29... f6 {[%csl Gd5,Re3,Rf3,Gh6][%cal
Yg7h6]} (29... Bh6 30. Rxe5 Rxe5 31. Rxe5 Rxe5 32. Qxe5 Bxf3 33. c4 f6 34. Qe6+
Kh7 35. Bxf3 Qxf3 36. Bxf6 Bg7 37. Bxg7 Kxg7 $13) 30. c4 {Perhaps I could have
tried giving the exchange up on e4.} bxc4 31. dxc4 Nxc4 32. Rc3 (32. Rd3 e4 $1
33. Nd4 exd3 34. Bxd5+ Qxd5 35. Rxe7 Rxe7 36. Qxe7 d2 $19) (32. Rb3 Nd2 33.
Nxd2 Bxg2 34. Ne4 Bh3 35. Kh2 Bg4 36. f3 Be6 37. Rd3 $17) 32... Nb6 (32... Qxb4
33. Qc1 $5) 33. Ra3 Rd8 34. Rd2 $2 Red7 $2 (34... Nc4 35. Rxd5 Qxd5 $19 {
[%cal Yd5d1]}) 35. Rc3 Bxf3 $2 36. Bxf3 (36. Rxd7) 36... Rxd2 37. Bxb7 Rd1 38.
Kf1 Rxe1+ 39. Kxe1 Bf8 40. Rb3 $8 Kf7 41. Bc3 Rd7 42. Ba6 (42. Bc6 {[%csl Gc6]
[%cal Yb4b5]}) 42... Rc7 43. Bd2 Nd5 44. Be2 f5 45. Bd1 Rb7 46. b5 Ke6 47. Rb2
Bc5 48. Be2 Rc7 49. Ra2 Bb6 50. Bd1 Nc3 $6 (50... e4) (50... Rc5 $5) 51. Bb3+
Ke7 (51... Kf6 52. Bxc3 Rxc3 53. Bd5) 52. Bxc3 (52. Bg5+ Kf8 53. Rd2 Bd4) 52...
Rxc3 53. Bd5 Rd3 54. Bc6 Bd4 55. Ke2 Rc3 56. Kf1 Rb3 57. Kg2 Kf6 58. Be8 Rc3
59. Ra6+ Bb6 60. Ra2 Rc4 61. Kf3 g5 62. hxg5+ Kxg5 63. Re2 Bd4 $2 (63... e4+
64. Kg2 h4 $36) 64. Bd7 Rc1 65. Kg2 Rc7 66. Bc6 Rh7 (66... a5 $5 67. Ra2 Bb6
68. Ra4) 67. Re1 $1 {[%csl Rh5][%cal Ye1h1]} f4 $6 68. Rh1 Rh6 69. Bf3 $11 {
[%csl Rh5]} 1/2-1/2